00616 2200217 4500001002100000005001500021008004100036020002200077035001900099041000700118082001200125090001800137100001900155245006300174260004000237300003000277650002200307990002300329990002300352990002300375INLIS00000000000853020241224113650241224||||||||| | ||| |||| || |  a978-602-8200-19-6 0010-1224008530 aid0 a618.203 a618.203 AMI k0 aAnik Maryunani00aKamus Saku Istilah dan Singkatan Kata-kata Dalam Kebidanan aJakartabcv. Trans info mediac2009 a19x12 cm, viii, 176 hlm.; 0aIlmu-ilmu terapan a05.17.01.07.01 001 a05.17.01.07.01.001 a05.17.01.07.01.002